[Event "BIH-chT 6th"]
[Site "Vogosca"]
[Date "2007.06.06"]
[Round "5"]
[White "Kovacevic, Aleksandar"]
[Black "Movsesian, Sergei"]
[Result "1-0"]
[WhiteElo "2555"]
[BlackElo "2642"]
[Annotator "Ftacnik,L"]
[PlyCount "83"]
[EventDate "2007.06.02"]
[EventType "team-tourn"]
[EventRounds "9"]
[EventCountry "BIH"]
[SourceTitle "CBM 118 Extra"]
[Source "ChessBase"]
[SourceDate "2007.07.04"]
[SourceVersion "1"]
[SourceVersionDate "2007.07.04"]
[SourceQuality "1"]
[WhiteTeam "Sokolac Glasinac"]
[BlackTeam "Sarajevo Bosna"]
[WhiteTeamCountry "BIH"]
[BlackTeamCountry "BIH"]

1. e4 c5 2. Nf3 e6 3. d4 cxd4 4. Nxd4 a6 5. c4 Nf6 6. Nc3 Qc7 7. a3 b6 8. Be3
Bb7 9. f3 Be7 10. Be2 d6 11. O-O Nbd7 12. Rc1 O-O 13. Qd2 Rac8 14. b4 Qb8 15.
Rc2 Bd8 16. Kh1 Bc7 17. Bg1 Kh8 {In this topical variation both sides are
trying to cover the weak spots and wait for the appropriate moment to lash out.
} (17... Rfe8 18. Rb1 Qa8 19. Na4 Ne5 20. Bf1 (20. Nb3 b5 21. cxb5 axb5 22. Nc3
d5 23. Nxb5 dxe4 24. Nxc7 exf3 25. Bf1 Rxc7 26. Rxc7 $18 {1/2 Swinkels,R (2228)
-Smeets,J (2545)/Amsterdam 2004 (60)}) 20... Nxe4 21. fxe4 Bxe4 22. Re1 Bxc2
23. Nxc2 Qb7 24. Qd4 {1-0 Balogh,C (2537)-Mogranzini,R (2363)/Gothenburg 2005 
(40)}) (17... Rfd8 18. Rb1 Ne5 19. Qc1 Ng6 20. a4 d5 21. exd5 exd5 22. c5 Bf4
23. Qb2 Qe5 24. c6 Bxc6 25. Bxa6 Rc7 26. Nce2 Bxa4 27. Rxc7 Qxc7 28. Nxf4 Nxf4
{0-1 Bortoloso,M (2228)-Bachmann Schiavo,A (2470)/Guarapari 2007 (54)}) 18. Rb1
Qa8 (18... Rg8 19. Na4 Qa8 20. Qc1 Bd8 21. Nb3 Bc6 22. Nb2 g5 23. Qe3 g4 24.
Nd4 Bb7 25. fxg4 Nxg4 26. Qc3 Bxe4 27. Bf3 Bf6 {0-1 Galliamova,A (2502)
-Kosintseva,T (2451)/Kazan 2004 (43)}) (18... Ne5 19. Qc1 Ng6 20. a4 Rfe8 21.
Nb3 Nd7 22. a5 bxa5 23. Nxa5 Bxa5 24. bxa5 Nc5 25. Rcb2 {1-0 Yakovich,Y (2577)
-Tunik,G (2475)/Moscow 2007 (39)}) 19. Bf1 (19. Nb3 Rg8 20. c5 dxc5 21. bxc5
bxc5 22. Na4 Rgd8 23. Qe3 c4 24. Bxc4 Ne5 25. Bf1 Bc6 26. Nbc5 Bb5 27. Bxb5
axb5 28. Rxb5 Rd1 {1/2 Recuero Guerra,D (2396)-Flores,D (2514)/Andorra 2006 
(66)}) (19. a4 Rg8 20. Nb3 Rgd8 21. Qc1 h6 22. Ra1 Ne5 23. a5 bxa5 24. b5 Nfd7
25. bxa6 Bxa6 26. Nb5 Nc6 27. Nxc7 Rxc7 28. Nxa5 Nxa5 29. Rxa5 Qc8 {1/2
Zambrana,O (2427)-Soto Paez,O (2315)/Havana 2006 (61)}) 19... Rg8 20. Na4 Rgd8
{Movsesian sees no need to try his luck with the well known plan connected
with the g7-g5 advance.} (20... Bc6 21. Nxc6 Qxc6 22. Nc3 $14) 21. Qe3 h6 (
21... Ne5 22. c5 dxc5 23. bxc5 b5 24. Nb6 Bxb6 25. cxb6 Rxc2 26. Nxc2 $14) 22.
c5 b5 $2 {[%mdl 64] This greedy reaction was most likely connected with the
oversight. Black had no problems with keeping the balance in the position with
the natural reaction of exchanges on c5.} (22... dxc5 $1 23. bxc5 bxc5 24. Nxc5
Nxc5 25. Rxc5 Nd7 26. Rc4 Bd6 $11) 23. c6 $1 bxa4 24. cxb7 Qxb7 25. Nc6 $1 Bb6
{A rude awakening for the second player, but it was too late to weep. Black
will most likely have missed the 26.Qa7! shot after the natural retreat of the
d8 rook.} (25... Re8 26. Qa7 $1 Rb8 27. Qxb7 Rxb7 28. Bxa6 $18) 26. Nxd8 Rxd8 (
26... Bxe3 $2 27. Nxb7 Rxc2 28. Bxe3 $18) 27. Qd3 Bxg1 28. Kxg1 Qb6+ 29. Kh1
Ra8 (29... a5 30. Qb5 $16) 30. Qc3 (30. Rd1 d5 31. exd5 Nxd5 32. Rdc1 $16)
30... d5 (30... Ne5 31. Qc7 Qxc7 32. Rxc7 d5 33. f4 $16) 31. Qc6 Qa7 (31...
Qxc6 32. Rxc6 dxe4 33. fxe4 Nxe4 34. Rxa6 $16) 32. exd5 Nxd5 33. Bxa6 {
Kovacevic was spoiled for choice, many tempting ways to realize the advantage
may sometimes be misleading.} (33. Qxa4 Ne5 34. Rc5 $16) 33... Rd8 (33... Qxa6
34. Qxd7 Qd3 35. Rcc1 Qxa3 36. Qxf7 $16) 34. Qb7 Qe3 (34... Qxb7 35. Bxb7 Ne5
36. Rd1 $18) 35. Rc8 $1 {White's attack is more efficient than Black's
counterplay; the game is effectively over.} Rxc8 (35... Qg5 36. Qxd7 $18) 36.
Qxc8+ Kh7 37. Qxd7 $18 Qxa3 38. Qxf7 Qe3 39. Bc4 Nf4 40. Qb7 Qd2 41. Qe4+ Kh8
42. Bf1 1-0

[Event "Rostock-08 IM Group"]
[Site "Rostock"]
[Date "1982.08.16"]
[Round "3"]
[White "Neukirch, Detlef"]
[Black "Heinig, Wolfram"]
[Result "1-0"]
[WhiteElo "2365"]
[BlackElo "2355"]
[Annotator "Ftacnik,L"]
[PlyCount "53"]
[EventDate "1982.08.14"]
[EventType "tourn"]
[EventRounds "9"]
[EventCountry "DDR"]
[EventCategory "4"]
[SourceTitle "MCL"]
[Source "ChessBase"]
[SourceDate "1999.07.01"]
[SourceVersion "1"]
[SourceVersionDate "1999.07.01"]
[SourceQuality "1"]

1. e4 c5 2. Nf3 e6 3. d4 cxd4 4. Nxd4 a6 5. c4 Nf6 6. Nc3 Bb4 (6... Qc7) 7. Bd3
Nc6 (7... Qc7) 8. Nxc6 dxc6 (8... bxc6 9. O-O $1 e5 10. Na4 d6 11. c5 d5 12.
exd5 Nxd5 13. Qh5 $16) 9. e5 Qa5 10. exf6 Bxc3+ 11. bxc3 Qxc3+ 12. Bd2 (12. Qd2
$5) 12... Qxd3 13. fxg7 Rg8 (13... Qe4+ 14. Kf1 Rg8 15. Bg5 Qxc4+ 16. Kg1 Qd5
17. Bf6 $14) 14. Bh6 Qc3+ 15. Kf1 Qf6 $1 (15... Qxc4+ 16. Kg1 Qd5 17. Qe2) 16.
Qc1 e5 17. Rb1 $2 (17. c5 Be6 18. h4 $10) 17... Be6 18. Rxb7 O-O-O $15 19. Ra7
Qg6 $2 (19... Qh4 $1) 20. h3 Qd3+ 21. Kg1 Qxc4 22. Qa3 Qb5 23. Ra8+ Kd7 24.
Ra7+ Kc8 25. Kh2 e4 26. Bf4 Rxg7 27. Rc7+ 1-0

[Event "FRA-chT Gp-B"]
[Site "France"]
[Date "2003.02.02"]
[Round "3.2"]
[White "Fontaine, Robert"]
[Black "Banikas, Hristos"]
[Result "1-0"]
[WhiteElo "2529"]
[BlackElo "2515"]
[Annotator "Gofshtein,L"]
[PlyCount "79"]
[EventDate "2003.01.31"]
[EventType "team"]
[EventRounds "7"]
[EventCountry "FRA"]
[SourceTitle "CBM 094"]
[Source "ChessBase"]
[SourceDate "2003.05.26"]
[SourceVersion "1"]
[SourceVersionDate "2003.05.26"]
[SourceQuality "1"]
[WhiteTeam "Cannes"]
[BlackTeam "Nice"]
[WhiteTeamCountry "FRA"]
[BlackTeamCountry "FRA"]

{[%mdl 4]} 1. e4 c5 2. Nf3 Nc6 3. d4 cxd4 4. Nxd4 Qc7 5. c4 {Another
possibility is the Maroczy System: 5.Nb5 as shown in the following game.} (5.
Nb5 Qb8 6. c4 b6 $1 7. Be3 $5 Nf6 8. Nd2 g6 $1 9. Be2 Bg7 10. O-O O-O $14 {
Judasin - J.Polgar, München 1991.}) 5... e6 6. Nc3 Nf6 {Other variations have
been encountered in this position: 7.Nbd5 and 7.Be2} 7. Be3 (7. Ndb5 Qb8 8. Be3
a6 9. Nd4 Bb4 $132 {0-1 Garcia del Blanco,I-Medina Fuentes,S/Oropesa del Mar
1996/EXT 98 (21)}) (7. Be2 $5 Nxd4 8. Qxd4 Bc5 9. Qd3 O-O 10. Bg5 b6 11. Rd1
Ba6 12. Bh4 $14 {1-0 Bacrot,E-Almasi,Z/Szeged 2000/CBM 78 (41)}) 7... a6 {
Another possible continuation in this position is 7.b6} (7... b6 8. Rc1 Bb7 9.
f3 Be7 10. Qd2 O-O 11. Be2 Rac8 12. O-O Qb8 13. Rfd1 Bd6 14. g3 Bc5 15. a3 Rfd8
16. b4 Be7 17. Nxc6 $14 {1-0 Ivanchuk,V-Kamsky,G/Dortmund 1992/CBM 29/[Ernst] 
(88)}) 8. Rc1 (8. a3 $5 d6 9. Be2 Be7 10. O-O O-O $14 {0-1 Kristjansson,
S-Jakobsen,O/Copenhagen 1997/EXT 2000 (36)}) 8... Bb4 {Another attempt at
countergame: 8...Ne5 doesen't promise much.} (8... Ne5 9. f3 b6 10. Be2 Ng6 11.
Qd2 Bb7 12. Na4 Rb8 13. Nb3 Bc6 14. Nc3 Bd6 15. g3 O-O 16. c5 bxc5 17. Nxc5 $16
{1-0 Kotronias,V-Miladinovic,I/Karditsa 1995/CBM 47 ext (71)}) 9. Bd3 (9. f3 d5
$5 10. cxd5 exd5 11. Qa4 $14 {0-1 Kotronias,V-Rahman,Z/Yerevan 1996/EXT 97 (46)
}) 9... h5 {Typical Sicilian move-black moves towards complication.} 10. h3 {
Prevents eventual Ng4.} b6 11. a3 Bc5 12. Be2 {12...Bb7 leads to a moves
interchange.} Nxd4 13. Bxd4 Bb7 14. b4 Bxd4 {Unexpected 14...e5 deserves
attention. In this case black gets fair counterplay} (14... e5 $5 15. bxc5 (15.
Bxc5 bxc5 16. Qd3 cxb4 17. axb4 O-O) (15. Nd5 Bxd5 16. Bxc5 bxc5 17. cxd5 Qb6
18. bxc5 Qa5+ 19. Qd2 Qxa3) 15... exd4 16. cxb6 Qxb6 17. c5 Qb2 $132) 15. Qxd4
Qf4 {Black is trying to find counterplay but 15...d6 seems to be more stable,
guaranteeing a passive game.} (15... d6 $5) 16. O-O Bxe4 17. Qxb6 Bc6 18. b5 {
White is trying to displace the black bishop and advance his pawns, attacking
on the queenside.} axb5 19. cxb5 Rb8 20. Qa7 Ra8 21. Qb6 Rb8 22. Qa7 Ra8 23.
Qc5 {White isn't content with a draw since his position is more promising.} Bb7
24. g3 {Unexpected move; white uncovers a dangerous diagonal. 24.Rfd1 and 24.
a4 deserve attention.} (24. Rfd1 $5) (24. a4 $5) 24... Ne4 $2 {Probably the
decisive mistake. Natural 24.Qb8 leads to an unclear position.} (24... Qb8 $5
25. Rfd1 h4 26. g4 Qf4) 25. Qb6 $1 Qb8 (25... Nxg3 26. Qxb7) 26. Nxe4 Bxe4 27.
Qd4 $1 $16 {Centralization of white's queen leads to a clear advantage.} Bg6
28. Qxg7 Ke7 29. Qc3 Qd6 30. Rfd1 {White's last innactive piece is menacingly
transferred into the field of battle.} Qxa3 31. Qc7 Ra7 32. Rxd7+ Kf8 33. Qb8+
Kg7 34. Qe5+ Kh7 35. Rxa7 Qxc1+ 36. Kh2 Qd2 $18 {Passing pawn and a highly
active position entitle white to a winning position.} 37. b6 h4 38. Ra4 hxg3+
39. Kxg3 f6 40. Rh4+ 1-0

[Event "Dresden ZMD op-A 21st"]
[Site "Dresden"]
[Date "2012.08.22"]
[Round "5"]
[White "Szabo, Krisztian"]
[Black "Strunski, Andreas"]
[Result "1-0"]
[WhiteElo "2548"]
[BlackElo "2366"]
[Annotator "Gutman,L"]
[PlyCount "85"]
[EventDate "2012.08.18"]
[EventType "swiss"]
[EventRounds "9"]
[EventCountry "GER"]
[SourceTitle "EXT 2014"]
[Source "ChessBase"]
[SourceDate "2013.11.20"]
[SourceVersion "1"]
[SourceVersionDate "2013.11.20"]
[SourceQuality "1"]

1. e4 c5 2. Nf3 e6 3. d4 cxd4 4. Nxd4 a6 5. c4 Nf6 6. Nc3 Qc7 (6... Bb4 $5 7.
Qf3 Qc7 8. a3 Bd6 $5 9. Bg5 Nc6 10. Bxf6 gxf6 {ist zu beachten, Ni Hua-Miezis,
Biel 2011}) 7. a3 b6 8. Be3 Bb7 9. f3 d6 10. Be2 Nbd7 11. O-O Be7 12. Qd2 O-O
13. b4 ({Heute ist meist} 13. Rfc1) ({oder} 13. Rac1 {anzutreffen}) 13... Rac8
14. Rac1 Qb8 15. Kh1 Rfe8 16. Rc2 Bd8 17. Na4 Be7 (17... Bc7 18. Bg1 Rcd8 {
kam in Kasparov-Kramnik, Moskau 2001.}) 18. Bg1 Kh8 19. Rb1 Qa8 $2 ({Besser
war es mit} 19... Ba8 20. Qc1 Qc7 $11 {abzuwarten.}) 20. Qc1 $6 ({Vorteil
versprach} 20. Nb3 Qb8 21. c5 b5 22. Na5 dxc5 23. bxc5 Bd8 24. Nb6 $16) 20...
Bd8 21. Be3 ({Und hier war} 21. c5 $5 bxc5 22. bxc5 Nxc5 23. Nxc5 dxc5 24. Rxc5
{interessant, etwa} Be7 25. Rc7 Bd6 26. Rxc8 Rxc8 27. Qb2 Rb8 28. Qd2 Rd8 29.
Qa5 Be7 30. Qb6 Rd7 31. Nc2) 21... Be7 22. Nb3 Nxe4 $2 ({Vorzuziehen war} 22...
Bd8 {um} 23. c5 bxc5 24. bxc5 {mit} Nxe4 25. fxe4 Bxe4 {zu beantworten.}) 23.
Nxb6 Nxb6 24. Bxb6 Nf6 25. Na5 Bd8 26. Nxb7 Qxb7 27. Bf2 Nd7 28. Qd2 Bb6 29.
Bg3 d5 30. Rd1 Qc6 31. Rdc1 ({Vielleicht war} 31. Rcc1 Qb7 32. Qd3 $16 {
etwas genauer.}) 31... Qa4 $6 ({Schwarz sucht nach Koplikationen, um das
Endspiel nach} 31... dxc4 32. Rxc4 Qb7 33. Rxc8 Rxc8 34. Rxc8+ Qxc8 35. Be1 Nf6
36. Qc3 Qxc3 37. Bxc3 Nd5 38. Be1 Nc7 39. a4 {zu vermeiden.}) 32. cxd5 Rxc2 33.
Qxc2 Qxa3 34. dxe6 Nf8 $2 ({Das kleinere Übel wäre} 34... fxe6 35. Rb1 Nf6 36.
Qc6 Qa2 37. Re1 $16) 35. Qc3 ({Schnell gewann} 35. Rb1 Rxe6 36. Qc8 Kg8 37. Bc4
$18) 35... Qxc3 36. Rxc3 a5 37. exf7 Ra8 38. bxa5 Rxa5 39. h4 g6 40. Rc8 Kg7
41. Bd6 Bf2 42. Rxf8 Bg3 43. Rg8+ 1-0

[Event "Khanty-Mansiysk FIDE GP (Women)"]
[Site "Khanty-Mansiysk"]
[Date "2014.04.11"]
[Round "3"]
[White "Hou, Yifan"]
[Black "Dzagnidze, Nana"]
[Result "1-0"]
[WhiteElo "2618"]
[BlackElo "2550"]
[Annotator "Havasi,G"]
[PlyCount "47"]
[EventDate "2014.04.09"]
[EventType "tourn"]
[EventRounds "11"]
[EventCountry "RUS"]
[EventCategory "10"]
[SourceTitle "CBM 160"]
[Source "ChessBase"]
[SourceDate "2014.05.15"]
[SourceVersion "1"]
[SourceVersionDate "2014.05.15"]
[SourceQuality "1"]

1. e4 c5 2. Nf3 e6 3. d4 cxd4 4. Nxd4 a6 5. c4 Nf6 6. Nc3 Qc7 {Black doesn't
want to play Bb4. She wants to play the Hedgehog.} (6... Bb4 {is another main
line.}) 7. Be2 {This move is the another possibility instead of 7.a3. White is
going to play Qd3 and f4. On the other hand, the most challenging move should
be 7...Bb4, exploiting the absence of a3.} (7. a3 {is the other main line in
order to avoid ...Bb4.}) 7... b6 {Black is ready to employ the Hedgehog.} (7...
Bb4 {is the other fighting option for Black.}) 8. O-O Bb7 9. Qd3 $5 {However,
White plays a slightly rare line. 9.Qd3 is an interesting move. White doesn't
play the usual plans against the Hedgehog. White is going to play f4 and she
will try to attack on the kingside.} (9. f3 d6 10. Be3 Be7 {is one of the main
positions of the Hedgehog.}) 9... Nc6 (9... d6 $5) (9... Be7 {is the
''traditional'' Hedgehog move.} 10. Be3 d6 11. b4 $1 Nbd7 12. f4 $1 O-O 13.
Rac1 Rac8 $5 {is my recommendation over 13...Rad8 and Black has a good
position.} (13... Rad8 14. Nd5 $1 exd5 15. cxd5 Nc5 16. bxc5 bxc5 17. Nb3 Rfe8
18. Bd2 $1 $16 {Khalifman-Akopian, Minsk 2014})) 10. Nxc6 $1 {White has to
take the knight on c6, because she can't improve the position with the knights.
} dxc6 $146 {This is a novelty. This move seems to be better than Bxc6,
because she will be able to improve the structure with c5.} (10... Bxc6 11. Be3
Bb4 12. f3 O-O 13. a3 Bc5 14. b4 Bxe3+ 15. Qxe3 {When the dark-squared bishops
have been exchanged, White's position should be better. Black's bishop on e7
is slightly passive, but a very useful piece which defends Black's most
important pawn.} d6 16. Rac1 Rfb8 17. Rfd1 Be8 18. Rd2 Rd8 19. Rcd1 $14 {
Konnyu-Bromberger, Austria 2009}) 11. f4 $1 {Hou Yifan's move is the most
logical. She hopes for a promising attack on the kingside.} (11. Be3 $5 {
seems to be good also, but} Rd8 12. Qc2 Nd7 $1 {and Black isn't worse, because
she has avoided c5.}) 11... Bc5+ (11... Nd7 12. Qg3 $36) (11... Rd8 12. Qg3
Bc5+ 13. Be3 $36 (13. Kh1 O-O 14. e5 {transposes to 11...Bc5})) 12. Kh1 O-O 13.
e5 Rad8 (13... Nd7 14. Ne4 $14 {The plan is Bf3, Be3 and improving the
position with Rad1 and Qc2 in order to go out of the d-file.}) 14. Qh3 {
This is a very good move. White is going to play Bd3, Ne4 and the pieces are
attacking the king.} (14. Qg3 {is also possible and if} Nd7 15. Ne4 Be7 16. Be3
c5 17. Bf3 $14 {and White must be slightly better.}) 14... Nd7 15. Ne4 Be7 16.
Bd3 $1 g6 $2 (16... h6 $1 17. Bc2 $1 {This move avoids ...Nc5.} (17. f5 $143 $2
Nxe5 $17) (17. b3 Nc5 $1 {Black exchanges a piece and escapes in a draw.} 18.
Nxc5 Bxc5 19. f5 Qxe5 20. f6 $1 Rxd3 $1 21. Qxd3 Qxa1 22. Bxh6 $1 Qd4 23. Qg3
g6 24. Bg7 g5 $11) 17... c5 (17... Nc5 $2 18. Nf6+ $3 $18) 18. Be3 $14 {
This is slightly better, but it's far from losing.} (18. a4 $5 {The plan is
Ra3-g3 with a very dangerous attack.})) 17. b3 $1 {I could give 2 !s, because
practically Black hasn't got any defence. White plans Bb2 and his attack is
winning.} c5 18. Bb2 $36 {White's position is very dangerous. He has an active
bishop pair and f5 is in the air.} Bxe4 19. Bxe4 b5 $2 {This move allows a
nice finishing combination.} (19... f5 {was the only defence. However, White
simply wins a pawn after} 20. exf6 $16) 20. f5 $3 exf5 21. Rxf5 $1 Qb6 $4 (
21... f6 22. Raf1 $3 {This is the only move which gives a winning advantage:}
gxf5 23. Bxf5 Rf7 24. e6 Rg7 25. exd7 $18) 22. Qh6 $1 gxf5 23. e6 Nf6 24. Qg5+
{A nice victory by the World Champion.} 1-0

[Event "Elgoibar 09th"]
[Site "Elgoibar"]
[Date "1999.??.??"]
[Round "6"]
[White "Gomez Esteban, Juan Mario"]
[Black "Sanz Alonso, Francisco Javier"]
[Result "1-0"]
[WhiteElo "2475"]
[BlackElo "2435"]
[Annotator "Hecht,H"]
[PlyCount "120"]
[EventDate "1999.11.??"]
[EventType "tourn"]
[EventRounds "9"]
[EventCountry "ESP"]
[EventCategory "9"]
[SourceTitle "CBM 075"]
[Source "ChessBase"]
[SourceDate "2000.04.05"]
[SourceVersion "1"]
[SourceVersionDate "2000.04.05"]
[SourceQuality "1"]

1. Nf3 Nf6 2. c4 a6 3. Nc3 c5 4. e4 d6 5. d4 cxd4 6. Nxd4 e6 7. Be2 Be7 8. Be3
Qc7 9. Qd2 Nc6 10. Rc1 Bd7 11. f3 Ne5 12. b3 Rc8 13. O-O O-O 14. Kh1 Qb8 15. f4
Nc6 16. Nf3 b6 17. Bg1 Be8 18. f5 Bd7 19. fxe6 fxe6 20. Qe3 Bd8 21. c5 dxc5 22.
Bxa6 Bc7 23. Bxc8 Bxc8 24. Qe2 Qa8 25. e5 Ba6 26. Nb5 Nd5 27. a4 Rf5 28. Qe4
Bxe5 29. Nxe5 Rxe5 30. Qf3 Rf5 31. Qg3 Qf8 32. Rxf5 Qxf5 33. Re1 e5 34. Nd6 Qe6
35. Ne4 h6 36. Rb1 Nd4 37. a5 Nf4 38. axb6 Qxb6 39. Nxc5 Qxc5 40. Bxd4 Qc2 41.
Rg1 Bb7 42. Be3 Qe4 43. Bxf4 exf4 44. Qg4 Qc2 45. h4 Qxb3 46. Qxf4 Qh3+ 47. Qh2
Qg4 48. Rf1 Kh7 49. Rf4 Qg6 50. Qh3 Bd5 51. Kh2 Be6 52. Qf3 Qc2 53. Qe4+ Qxe4
54. Rxe4 Bf5 55. Rb4 {[#] Mit dem dunkelfarbigen Läufer (etwa auf f6) würde h5
gefolgt von g6 eine uneinnehmbare Festung aufbauen, selbst wenn der König auf
die letzte Reihe abgeschnitten ist. Der Läufer bliebe stur auf der großen
Diagonalen. Im vorliegenden Fall bleiben die schwarzen Bauern auf den dunklen
Feldern. Die Frage ist nur, ob man sich g5 leisten kann. Stünde der weiße
h-Bauer noch auf h3 würde dieser Zug sofort zum Remis führen. Hier aber kann
Weiß h5 antworten.} Kg6 (55... g5 56. g4 Bc2 (56... Be6 57. h5 Kg7 58. Kg3 Kf6
59. Rb6 Kf7 60. Kf3 Kf6 61. Ke4 Kf7 62. Ke5 Bxg4 63. Rxh6 Kg7 64. Rg6+ Kh7 65.
Rxg5 Kh6 66. Kf6 Bxh5 67. Rg7 $18 {z.B.} Bd1 68. Rg1 Bf3 69. Rg3 Bd1 70. Rh3+
Bh5 71. Rh4) 57. h5 Bd1 58. Kg3 Kg7 59. Rd4 Bb3 60. Rd6 Bc4 61. Kf3 Bb5 62. Ke4
Be2 63. Kf5 Bb5 64. Rg6+ Kh7 65. Rb6 Be2 66. Rb7+ Kg8 67. Kg6 Kf8 68. Rb8+ Ke7
69. Kxh6 Bxg4 70. Kxg5 Bd1 71. h6 Bc2 72. h7 $18) 56. g4 Bd3 57. Kg3 Kf6 58.
Rb6+ Ke5 $2 {Trennt sich freiwillig und ohne Not von seinen getreuen Vasallen.
Der König musste hinten bleiben.} (58... Kf7 59. g5 (59. Kf4 Bc2 60. g5 hxg5+
61. Kxg5 Bd3 62. Rb7+ Kg8 $11) (59. h5 Bc2 60. Kf4 Bd3 61. Ke5 Bc2 62. Rb7+ Kg8
63. Ke6 Bd1 64. Rb4 Be2 65. Ke7 Bd1 66. Rb8+ Kh7 67. Kf8 Bxg4 68. Rb7 Bxh5 69.
Rxg7+ Kh8 $11) 59... hxg5 60. hxg5 Bc2 61. Kf4 Bd3 62. Ke5 Bc2 $11) 59. h5 Bc2
60. Kh4 Kf4 (60... Kf4 61. Rb7 g5+ 62. hxg6 Bxg6 63. Rb6 Be4 64. Rxh6 Bd3 65.
g5 Ke5 66. Rb6 Be2 67. g6 Bc4 68. Kg5 $18) 1-0

[Event "Bundesliga 0203"]
[Site "Germany"]
[Date "2002.12.13"]
[Round "7.3"]
[White "Votava, Jan"]
[Black "Markowski, Tomasz"]
[Result "1/2-1/2"]
[WhiteElo "2518"]
[BlackElo "2549"]
[Annotator "Konikowski,J"]
[PlyCount "30"]
[EventDate "2002.10.19"]
[EventType "team-tourn"]
[EventRounds "15"]
[EventCountry "GER"]
[SourceTitle "CBM 093"]
[Source "ChessBase"]
[SourceDate "2003.04.01"]
[SourceVersion "1"]
[SourceVersionDate "2003.04.01"]
[SourceQuality "1"]
[WhiteTeam "Erfurt"]
[BlackTeam "Plauen"]
[WhiteTeamCountry "GER"]
[BlackTeamCountry "GER"]

1. e4 c5 2. Nf3 e6 3. d4 cxd4 4. Nxd4 a6 5. c4 Nf6 6. Nc3 Bb4 7. Qc2 O-O (7...
Qc7 8. a3 Bxc3+ 9. Qxc3 (9. bxc3 d6 (9... b6 $5) 10. Be2 Nbd7 11. f3 O-O 12.
O-O b6 13. Kh1 Bb7 14. Bg5 Rac8 15. Rfb1 d5 16. exd5 exd5 17. Bxf6 Nxf6 18.
cxd5 Nxd5 19. c4 Nf4 20. Bf1 Rfd8 21. Nf5 Qc5 22. Re1 Ne6 23. Ne3 Nd4 $17 {
Silberschlag,J-Farago,I/Bad Zwesten 2002/}) 9... O-O (9... b6 10. f3 Bb7 11.
Be2 d6 12. O-O Nbd7 13. Be3 O-O 14. Rfc1 Rac8 15. Qd2 Ne5 16. a4 Qe7 17. a5
bxa5 18. Nb3 Rfd8 19. Nxa5 Ba8 20. Bd4 Rb8 21. Qe3 Ned7 22. Rab1 h6 23. b4 $16
{Kovacevic,A-Votava,J/Leon 2001/}) 10. f3 d6 11. Be2 e5 12. Nc2 Be6 13. Bg5
Nbd7 14. Ne3 Rfc8 15. O-O (15. Qd2 $5) 15... b5 16. Rac1 bxc4 17. Bxc4 Qa7 18.
Kh1 Nb6 19. Qd3 Nxc4 20. Nxc4 Qb8 21. Nxd6 Rd8 22. Rc6 $16 {Luther,T-Markowski,
T/Bled SLO 2002/}) 8. Be2 d6 $146 {[%mdl 8]} (8... e5 9. Nf3 Nc6 10. O-O Bc5
11. a3 d6 12. Bg5 h6 13. Bh4 Be6 14. Rfd1 Rc8 15. Nd5 g5 16. Bg3 Nd4 17. Qd3
Nxe4 18. Qxe4 f5 $2 (18... Bxd5 $142 19. cxd5 f5 $17) 19. Nxd4 fxe4 20. Nxe6
Qe8 21. Nxf8 Qxf8 22. b3 Qf7 23. Bh5 $18 {Naes,F-Nicholson,J/Port Erin 1999/})
(8... d5 9. e5 Nfd7 10. cxd5 Nxe5 11. O-O exd5 12. f4 Ng4 13. Bxg4 Bxg4 14. Kh1
Nc6 15. Nxc6 bxc6 16. Qa4 Qd6 17. f5 f6 18. a3 Bxc3 19. bxc3 Be2 20. Rf2 Rae8
21. Bf4 Qe7 22. Qc2 Bc4 $17 {Lugo,R-Agayer,N/Oropesa del Mar 2000/}) 9. O-O Qc7
10. Bd2 Nc6 11. Nxc6 Qxc6 12. f3 d5 13. cxd5 exd5 14. Bd3 dxe4 15. Nxe4 Qxc2
1/2-1/2